Nang và u lành tính vùng miệng - hàm mặt
Spremljeno u:
| Glavni autor: | |
|---|---|
| Format: | Knjiga |
| Jezik: | Undetermined |
| Izdano: |
H.
Y Học
2002
|
| Teme: | |
| Oznake: |
Dodaj oznaku
Bez oznaka, Budi prvi tko označuje ovaj zapis!
|
| Thư viện lưu trữ: | Trung tâm Học liệu Trường Đại học Cần Thơ |
|---|
| LEADER | 00511nam a2200181Ia 4500 | ||
|---|---|---|---|
| 001 | CTU_54128 | ||
| 008 | 210402s9999 xx 000 0 und d | ||
| 020 | |b 44000 | ||
| 082 | |a 616.992 | ||
| 082 | |b Tr561 | ||
| 100 | |a Trần Văn Trường | ||
| 245 | 0 | |a Nang và u lành tính vùng miệng - hàm mặt | |
| 245 | 0 | |c Trần Văn Trường | |
| 260 | |a H. | ||
| 260 | |b Y Học | ||
| 260 | |c 2002 | ||
| 650 | |a oncology,tumors | ||
| 980 | |a Trung tâm Học liệu Trường Đại học Cần Thơ | ||